Visualizzazione normale
Vista MARC
- Dassin Jules
di Personal Name
Records bibliografici associati: 1
001 - CONTROL NUMBER
- control field: 9542
003 - CONTROL NUMBER IDENTIFIER
- control field: IT-RoPau
005 - DATE AND TIME OF LATEST TRANSACTION
- control field: 20140118155228.0
008 - FIXED-LENGTH DATA ELEMENTS
- fixed length control field: 140118|| aca||aabn | a|a d
040 ## - CATALOGING SOURCE
- Original cataloging agency: IT-RoPau
- Transcribing agency: IT-RoPau
100 ## - HEADING--PERSONAL NAME
- Personal name: Dassin Jules
- Miscellaneous information: Codice autore testo/musica SPICS: 7537
- Relator term: Autore testo/musica
- Name of part/section of a work: Ca va pas changer le monde (Non cambia il mondo)
670 ## - SOURCE DATA FOUND
- Source citation: Work cat.: (IT-RoPau)103662: AA.VV. 794, I'm Not in Love